La flor total (Record no. 79499)
[ view plain ]
| 000 -LEADER | |
|---|---|
| campo de control de longitud fija | 00471nam a2200157 i 4500 |
| 001 - NÚMERO DE CONTROL | |
| campo de control | 79499 |
| 003 - IDENTIFICADOR DE NÚMERO DE CONTROL | |
| campo de control | ES-MaACL |
| 005 - FECHA Y HORA DE LA ÚLTIMA TRANSACCIÓN | |
| campo de control | 20230906174005.0 |
| 007 - CAMPO FIJO DE DESCRIPCIÓN FÍSICA--INFORMACIÓN GENERAL | |
| campo de control de longitud fija | t| |
| 008 - DATOS DE LONGITUD FIJA--INFORMACIÓN GENERAL | |
| campo de control de longitud fija | 041021s1952 sp ||||1| spa d |
| 100 1# - ENTRADA PRINCIPAL--NOMBRE DE PERSONA | |
| Nombre de persona | Hernández-Rubio, José María. |
| 9 (RLIN) | 63042 |
| 245 13 - MENCIÓN DEL TÍTULO | |
| Título | La flor total |
| Resto del título | : (antología, 1935-1952) / |
| Mención de responsabilidad, etc. | José María Hernández-Rubio. |
| 260 ## - PUBLICACIÓN, DISTRIBUCIÓN, ETC. | |
| Lugar de publicación, distribución, etc. | Tenerife : |
| Nombre del editor, distribuidor, etc. | [s.n., |
| Fecha de publicación, distribución, etc. | 1952] |
| 300 ## - DESCRIPCIÓN FÍSICA | |
| Extensión | 75 p., 1 lám. ; |
| Dimensiones | 25 cm. |
| 852 ## - LOCALIZACIÓN | |
| Ubicación | ES-MaACL |
| Número de control de estantería | 1973-F-16 |
| Sublocalización o colección | R.34473 |
| Estatus retirado | Estado de pérdida | Estado de daño | No para préstamo | Colección | Biblioteca de origen | Biblioteca actual | Ubicación en estantería | Fecha de adquisición | Fuente de adquisición | Total de préstamos | Signatura topográfica completa | Código de barras | Visto por última vez | Precio de reemplazo | Tipo de ítem Koha |
|---|---|---|---|---|---|---|---|---|---|---|---|---|---|---|---|
| Colección de folletos | Biblioteca del Ateneo de Madrid | Biblioteca del Ateneo de Madrid | Depósito folletos | 17/01/2008 | 1973-F-16 | 1083133 | 23/02/2023 | 23/02/2023 | Folleto |
